| 000 | 00358nam a2200133Ia 4500 | ||
|---|---|---|---|
| 008 | 240624s9999 xx 000 0 und d | ||
| 041 | _aeng | ||
| 082 | _a368.01 DIO | ||
| 100 | _aDIONNE GEORGES | ||
| 245 | _aFOUNDATIONS OF INSURANCE ECONOMICS READI | ||
| 260 |
_c1992 _aBoston _bKluwer Academic Publishers |
||
| 300 | _axiv, : 728p. ; 24cm. | ||
| 365 |
_cRS _b25 |
||
| 999 |
_c4310 _d4310 |
||